Normal view
MARC view
- الغزالي، أبي حامد محمد بن محمد 450 - 505 هجري؛ مراجعة وتحقيق إبراهيم أمين محمد
Entry Personal Name
001 - CONTROL NUMBER
- control field: 51819
003 - CONTROL NUMBER IDENTIFIER
- control field: JO-AjAnu
005 - DATE AND TIME OF LATEST TRANSACTION
- control field: 20230606082525.0
008 - FIXED-LENGTH DATA ELEMENTS
- fixed length control field: 230606|| aca||aabn | a|a d
040 ## - CATALOGING SOURCE
- Original cataloging agency: JO-AjAnu
- Transcribing agency: JO-AjAnu
100 ## - HEADING--PERSONAL NAME
- Personal name: الغزالي، أبي حامد محمد بن محمد 450 - 505 هجري؛ مراجعة وتحقيق إبراهيم أمين محمد
670 ## - SOURCE DATA FOUND
- Source citation: Work cat.: (JO-AjAnu)26486: الغزالي، أبي حامد محمد بن محمد 450 - 505 هجري؛ مراجعة وتحقيق إبراهيم أمين محمد, author, مجموعة رسائل الإمام الغزالي، الجزء الثاني